Lagi-lagi rempit

Bibliographic Details
Main Author: Sinniah, Lanka Devi
Other Authors: Ahmad Shakir Yahya
Format: Book
Published: Selangor : Future Text Publications , 2008
Series:Siri balik ke pangkal
Subjects:

MARC

LEADER 00000cam a2200000 7i4500
001 0000031624
005 20151222.0
008 120315
020 |a 9675071331 
090 0 0 |a MOR   |b MAL 
100 1 |a Sinniah, Lanka Devi 
245 1 0 |a Lagi-lagi rempit   |c Lanka Devi Sinniah 
260 |a Selangor :   |b Future Text Publications ,   |c 2008 
440 |a Siri balik ke pangkal 
500 |a Children ages 10-12 years old (pink) 
650 0 |a English fiction   |x translations into Malay 
700 1 |a Ahmad Shakir Yahya 
999 |a 0001058055   |b Book   |c Children Collection   |e Perbadanan Perpustakaan Awam Johor 
999 |a 0001058056   |b Book   |c Children Collection   |e Perbadanan Perpustakaan Awam Johor 
999 |a 0001127408   |b Book   |c Children Collection   |e Cawangan Tmn. Ungku Tun Aminah 
999 |a 0001127409   |b Book   |c Children Collection   |e Cawangan Segamat 
999 |a 0001127415   |b Book   |c Children Collection   |e Cawangan Bukit Gambir 
999 |a 0001127416   |b Book   |c Children Collection   |e Cawangan Mersing 
999 |a 0001127417   |b Book   |c Adult Collection   |e Cawangan Pontian 
999 |a 0001127420   |b Book   |c Children Collection   |e Cawangan Tmn. Ungku Tun Aminah 
999 |a 0001137933   |b Book   |c Adult Collection   |e Cawangan Muar 
999 |a 0001137935   |b Book   |c Children Collection   |e Perbadanan Perpustakaan Awam Johor 
999 |a 0001137936   |b Book   |c Children Collection   |e Perbadanan Perpustakaan Awam Johor 
999 |a 0001137937   |b Book   |c Children Collection   |e Perbadanan Perpustakaan Awam Johor